Statistics for Impossible Friends Trivia

Click here to take the quiz!

General Stats

  • This quiz has been taken 16,850 times
    (16,840 since last reset)
  • The average score is 6 of 15

Answer Stats

Hint Answer % Correct
Who was the first person to speak in the show?Monica
93%
Chandler's age when he first touched a girl's breast?19
93%
Who gives Phoebe away at her wedding?Chandler
88%
Monica couldn't tell time until she was ____________?13
82%
Last word said on the show.Where
44%
Chandler fools around with which of Joey's sisters?Mary Angela
37%
Victoria Secret model trapped in the ATM vestibule with Chandler.Jill Goodacre
36%
Name of Ross' bald girlfriend (with a little help from Rachel).Bonnie
34%
Which of Joey's sister's punches Chandler?Cookie
25%
Name of Chloe's (copy place girl) hippy coworker.Isaac
16%
Elizabeth's father's name (first and last).Paul Stevens
14%
What is Barry's last name in the pilot episode? (hint: it's NOT "Farber")?Finkle
7%
Name of the Male Nanny's fiance'. (Male Nanny named Sandy was played by Freddy Prinze Jr.)Delia
2%
Name of the restaurant where Monica goes out with Chip Matthews (from high school).Dot's Spot
1%
Chandler's bank account number.7143457
1%

Score Distribution

Percentile by Number Answered

Percent of People with Each Score

Your Score History

You have not taken this quiz since the last reset